| Поле | Название | Значение |
| |
Тип записи |
a |
| |
Библиографический уровень |
m |
| 001 |
Контрольный номер |
RU/URAIT/584845 |
| 005 |
Дата корректировки |
20260429163702.9 |
| 008 |
Кодируемые данные |
260429s2026 RU y f j 000 0 rus u |
| 020 |
Индекс ISBN |
__ |
| a |
ISBN |
978-5-534-17281-2 |
| c |
Цена, тираж |
1639.00 |
| 040 |
Источник каталогиз. |
__ |
| a |
Служба первич. каталог. |
ИКО Юрайт |
| c |
Служба, преобразующая запись |
ИКО Юрайт |
| e |
Правила каталог. |
RCR |
| 041 |
Код языка издания |
__ |
| a |
Код языка текста |
rus |
| 044 |
Код страны публикации |
__ |
| a |
Код страны публикации |
RU |
| 080 |
Индекс УДК |
__ |
| a |
Индекс УДК |
336(075.32) |
| 084 |
Индекс другой классификации/Индекс ББК |
__ |
| 2 |
Источник индекса |
rubbk |
| a |
Индекс другой классификации/Индекс ББК |
65.26я723 |
| 100 |
Автор |
__ |
| a |
Автор |
Бураков Д. В. |
| q |
Полное имя |
Бураков Дмитрий Владимирович |
| 245 |
Заглавие |
__ |
| a |
Заглавие |
Финансы, денежное обращение и кредит |
| b |
Продолж. заглавия |
учебник и практикум для спо |
| c |
Ответственность |
Д. В. Бураков [и др.] ; под редакцией Д. В. Буракова. |
| 250 |
Сведения об издании |
__ |
| g |
|
пер. и доп |
| a |
Основные сведения об издании |
3-е изд. |
| 256 |
Характеристики компьютерного файла |
__ |
| a |
Характеристики компьютерного файла |
Электрон. дан. |
| 260 |
Выходные данные |
__ |
| a |
Место издания |
Москва |
| b |
Издательство |
Юрайт |
| c |
Дата издания |
2026 |
| 300 |
Физическое описание |
__ |
| a |
Объем |
303 с |
| 440 |
Серия |
__ |
| a |
Серия |
Профессиональное образование |
| 500 |
Примечания |
__ |
| a |
Примечание |
URL: https://urait.ru/bcode/584845 (дата обращения: 29.04.2026). |
| 520 |
Аннотация |
__ |
| a |
Аннотация |
В курсе рассматриваются теоретические основы функционирования финансовой, денежной и кредитной систем. Особое внимание уделяется теории денег, кредита и банков, в частности эволюции форм и видов денег и кредита, измерению денежной массы, роли ссудного процента в экономике, деятельности центрального и коммерческих банков, а также теоретическим основам финансов и организационно-правовому аспекту управления финансами. В курсе подробно проанализированы особенности финансовой системы России. Соответствует актуальным требованиям федерального государственного образовательного стандарта среднего профессионального образования и профессиональным требованиям. Для студентов образовательных учреждений среднего профессионального образования экономического и юридического профилей, преподавателей, а также практических работников финансово-кредитной сферы. |
| 538 |
Прим. о системных особенностях |
__ |
| a |
Прим. о системных особенностях |
Режим доступа: Электронно-библиотечная система Юрайт, для авториз. пользователей |
| 653 |
Ключевые слова |
__ |
| a |
Ключевые слова |
Деньги. Кредит. Банки |
| 653 |
Ключевые слова |
__ |
| a |
Ключевые слова |
Экономические науки |
| 653 |
Ключевые слова |
__ |
| a |
Ключевые слова |
Финансы, денежное обращение и кредит |
| 653 |
Ключевые слова |
__ |
| a |
Ключевые слова |
История |
| 653 |
Ключевые слова |
__ |
| a |
Ключевые слова |
Организация наличного и безналичного денежного обращения |
| 653 |
Ключевые слова |
__ |
| a |
Ключевые слова |
Финансовая грамотность |
| 653 |
Ключевые слова |
__ |
| a |
Ключевые слова |
Основы финансовой грамотности |
| 653 |
Ключевые слова |
__ |
| a |
Ключевые слова |
История (история России, всеобщая история) |
| 653 |
Ключевые слова |
__ |
| a |
Ключевые слова |
История (история России и всеобщая история) |
| 653 |
Ключевые слова |
__ |
| a |
Ключевые слова |
История (всеобщая история, история России) |
| 653 |
Ключевые слова |
__ |
| a |
Ключевые слова |
Основы финансовой грамотности в профессиональной деятельности |
| 653 |
Ключевые слова |
__ |
| a |
Ключевые слова |
История России (всеобщая история) |
| 653 |
Ключевые слова |
__ |
| a |
Ключевые слова |
Введение в историю |
| 653 |
Ключевые слова |
__ |
| a |
Ключевые слова |
Денежное обращение, финансы и кредит |
| 653 |
Ключевые слова |
__ |
| a |
Ключевые слова |
Денежно-кредитная и финансовая системы |
| 653 |
Ключевые слова |
__ |
| a |
Ключевые слова |
Финансы, деньги, кредит |
| 653 |
Ключевые слова |
__ |
| a |
Ключевые слова |
История (истории России, всеобщая история) |
| 653 |
Ключевые слова |
__ |
| a |
Ключевые слова |
История (истории России, всеобщей истории) |
| 653 |
Ключевые слова |
__ |
| a |
Ключевые слова |
Финансы, кредит и деньги |
| 653 |
Ключевые слова |
__ |
| a |
Ключевые слова |
История (история, всеобщая история) |
| 653 |
Ключевые слова |
__ |
| a |
Ключевые слова |
История (история России, всемирная история) |
| 700 |
Другие авторы |
__ |
| a |
Другие авторы |
Андросова Л. Д. |
| q |
Полное имя |
Андросова Людмила Дмитриевна |
| 700 |
Другие авторы |
__ |
| a |
Другие авторы |
Басс А. Б. |
| q |
Полное имя |
Басс Александр Борисович |
| 700 |
Другие авторы |
__ |
| a |
Другие авторы |
Карчевский В. В. |
| q |
Полное имя |
Карчевский Владимир Валентинович |
| 700 |
Другие авторы |
__ |
| a |
Другие авторы |
Инце М. А. |
| q |
Полное имя |
Инце Максим Андреевич |
| 856 |
Электронный адрес документа |
40 |
| n |
Местонахождение сервера |
Юрайт |
| g |
|
Электронная книга |
| q |
Тип электронного формата |
html |
| h |
Имя пользователя |
ЮРАЙТ |
| v |
Часы доступа к ресурсу |
20271231 |
| 2 |
Способ доступа |
Показать документ |
| x |
Служебное примечание |
https://urait.ru/book/cover/D67EAAA3-A1AF-4B33-B09E-FBD043CD02B0 |
| u |
URL |
https://urait.ru/bcode/584845 |
| 856 |
Электронный адрес документа |
48 |
| q |
Тип электронного формата |
cover |
| u |
URL |
https://urait.ru/book/cover/D67EAAA3-A1AF-4B33-B09E-FBD043CD02B0 |
| 911 |
|
__ |
| u |
|
0030=https://urait.ru/bcode/584845 |
| 911 |
|
__ |
| u |
|
073a=9785534172812 |
| u |
|
073d=1639.00 |
| 911 |
|
__ |
| u |
|
106a=s |
| 911 |
|
__ |
| u |
|
900l= |
| 952 |
Тип литературы |
__ |
| i |
Дисциплина |
Финансы, денежное обращение и кредит |
| 952 |
Тип литературы |
__ |
| i |
Дисциплина |
История |
| 952 |
Тип литературы |
__ |
| i |
Дисциплина |
Организация наличного и безналичного денежного обращения |
| 952 |
Тип литературы |
__ |
| i |
Дисциплина |
Финансовая грамотность |
| 952 |
Тип литературы |
__ |
| i |
Дисциплина |
Основы финансовой грамотности |
| 952 |
Тип литературы |
__ |
| i |
Дисциплина |
История (история России, всеобщая история) |
| 952 |
Тип литературы |
__ |
| i |
Дисциплина |
История (история России и всеобщая история) |
| 952 |
Тип литературы |
__ |
| i |
Дисциплина |
История (всеобщая история, история России) |
| 952 |
Тип литературы |
__ |
| i |
Дисциплина |
Основы финансовой грамотности в профессиональной деятельности |
| 952 |
Тип литературы |
__ |
| i |
Дисциплина |
История России (всеобщая история) |
| 952 |
Тип литературы |
__ |
| i |
Дисциплина |
Введение в историю |
| 952 |
Тип литературы |
__ |
| i |
Дисциплина |
Денежное обращение, финансы и кредит |
| 952 |
Тип литературы |
__ |
| i |
Дисциплина |
Денежно-кредитная и финансовая системы |
| 952 |
Тип литературы |
__ |
| i |
Дисциплина |
Финансы, деньги, кредит |
| 952 |
Тип литературы |
__ |
| i |
Дисциплина |
История (истории России, всеобщая история) |
| 952 |
Тип литературы |
__ |
| i |
Дисциплина |
История (истории России, всеобщей истории) |
| 952 |
Тип литературы |
__ |
| i |
Дисциплина |
Финансы, кредит и деньги |
| 952 |
Тип литературы |
__ |
| i |
Дисциплина |
История (история, всеобщая история) |
| 952 |
Тип литературы |
__ |
| i |
Дисциплина |
История (история России, всемирная история) |